Представление документа в формате RUSMARC

ПолеНазваниеЗначение
  Тип записи a
  Библиографический уровень m
001 Контрольный номер RU/ГПНТБ России/KNIGADB/84(2Рос=411.2)6/Т 65-465932841
005 Дата корректировки 20211220163410.7
010 Индекс ISBN __
a ISBN 978-5-4484-0419-1
b Уточнения в пер.
9 Тираж 1300 экз.
d Цена 426-33
100 Данные общей обработки __
a Данные общей обработки 20210209d2018####am y0rusy0289 02ca
101 Язык документа 0_
a Язык текста rus
102 Страна публикации __
a Страна публикации RU
105 Кодированные данные (монография) __
a Кодированные данные (монография) y z 000ay
181 Поле кодированных данных: вид содержания _0
a Код вида содержания (ISBD) i
182 Поле кодированных данных: тип средства _0
a Код типа средства (ISBD) n
200 Заглавие и сведения об ответственности 1_
a Заглавие Груз небесный
e Сведения, относящиеся к заглавию роман
f Первые сведения об ответственности Сергей Трахименок
203 Вид содержания и тип средства __
a Вид содержания Текст
c Тип средства непосредственный
210 Выходные данные 1_
a Место издания Москва
c Издательство Вече
d Дата издания 2018
215 Физическое описание __
a Объем 350, [1] с.
d Формат 21 см
225 Серия 2_
a Серия Офицерский роман
i Наименование части Честь имею
330 Аннотация __
a Аннотация Герой романа лейтенант Малых призывается после окончания института в армию в качестве офицера-двухгодичника и попадает служить в стройбат. Поскольку срочную он служил в Москве, в одной из элитных частей, то его поражает, если не сказать шокирует, разница между этими "двумя армиями". Тем не менее Малых находит в себе силы противостоять неуставщине и стройбатовским традициям, правда все время задаваясь вопросом, почему это происходит в армии государства, которое к восьмидесятым годам прошлого века должно было "в основном построить коммунизм".
333 Примечание о целевом назначении __
a Примечание о целевом назначении 12+. Для детей старше 12 лет
517 Другие варианты заглавия 1_
a Другие варианты заглавия Честь имею
606 Тематические рубрики __
a Основная рубрика Художественная литература
606 Тематические рубрики __
a Основная рубрика Современная русская литература (произведения)
610 Ключевые слова 0_
a Ключевые слова романы
610 Ключевые слова 0_
a Ключевые слова офицерские романы
610 Ключевые слова 0_
a Ключевые слова тема офицеров
610 Ключевые слова 0_
a Ключевые слова тема армии
610 Ключевые слова 0_
a Ключевые слова тема русских солдат
610 Ключевые слова 0_
a Ключевые слова тема советской армии
610 Ключевые слова 0_
a Ключевые слова тема чести
610 Ключевые слова 0_
a Ключевые слова тема долга
686 Индексы других классификаций __
2 Код системы rubbks
a Классификационный индекс 84(2=411.2)6-4; ст84(2=411.2)6-4
700 Автор _1
a Фамилия Трахименок
b Имя С. А.
g Полное личное имя Сергей Александрович
f Даты 1950-
4 Код отношения 070
801 Источник записи _0
b Организация ГПНТБ России
a Страна RU
c Дата составления 20210209
g Правила каталогизации PSBO
801 Источник записи _1
b Организация ГПНТБ России
a Страна RU
c Дата составления 20210209
g Правила каталогизации PSBO
852 Данные о местонахождении __
i Авторский знак Т 65
j Шифр хранения 84(2=411.2)6-4
900 Макрообъекты __
a Макрообъекты Груз небесный, 2018
901 Тип документа __
a Ответственный КиК/Мамарузиева
t Тип документа m
903 Характеристики (МАРС) __
a Дата передачи 20210210
c Наименование библиотеки (МАРС) Муниципальное бюджетное учреждение культуры "Централизованная библиотечная система" г. Сургут (Центральная городская библиотека им. А. С. Пушкина)
990 Данные о заказе (DOS) __
j Количество экземпляров (DOS) 1
t N записи в КСУ для И/У (DOS) 202103